Statistics for Events from the 2010s... or 1910s? #QCC2010

Click here to take the quiz!

General Stats

  • This quiz has been taken 449 times
  • The average score is 11 of 18

Answer Stats

QuestionAnswer% Correct
Over 1,500 people perished in a single civilian boat disaster.1910s
83%
The decade's most profitable film was overtly racist.1910s
80%
There was a major change to the political boundaries on the Korean Peninsula.1910s
80%
A major pandemic started that would cause the deaths of millions of people.Both
80%
The Pope resigned.2010s
76%
The world's population increased.Both
75%
A business magnate was elected president of the United States.2010s
68%
Someone born in the United States had the world’s highest net worth for most of the decade.Both
67%
There was a serious, significant political effort for at least one nation to declare independence from the United Kingdom.Both
63%
One of the top-10 most populous countries had a revolution that replaced its government.1910s
62%
The Olympic Games were cancelled because of a major world event.1910s
59%
A new monarch is coronated in the United Kingdom.1910s
58%
Mr. Grey is a major character in the best-selling book of the decade.2010s
52%
The Boston Red Sox won the World Series.Both
52%
A Moscow regime gained control of the Crimean Peninsula.Both
48%
Ford Motor Company sold at least 4 million cars each year.2010s
44%
Over 200,000 perished from earthquakes and tsunamis.2010s
29%
An African nation declared independence and became a sovereign country still recognized today.2010s
26%

Score Distribution

Percentile by Number Answered

Percent of People with Each Score

Your Score History

You have not taken this quiz